000 00664nam a2200229 i 4500
001 C2-0307378
003 PPAK
005 20180728094059.0
008 110202s2004 xxu |||| ||||| | eng d
020 _a9780802796158
040 _aPPAK
_beng
_cPPAK
_erda
082 0 4 _a305.42092
_223
090 0 0 _a305.42092
_bKRU
_dRLCK
100 1 _aKrull, kathleen,
_eauthor
245 1 2 _aA woman for president :
_bthe story of Victoria Woodhull
264 1 _aUnited States :
_bWalker Publishing Company, Inc ,
_c2004
300 _a29 pages ;
_c30 cm
336 _2rdacontent
_atext
337 _2rdamedia
_aunmediated
338 _2rdacarrier
_avolume
942 _ddc
_cB
999 _c110144
_d110144